Statistics for Poorest European Countries

Click here to take the quiz!

General Stats

  • This quiz has been taken 36 times
  • The average score is 9 of 10

Answer Stats

HintAnswer% Correct
$12,943Albania
97%
$19,355Montenegro
97%
$8,699Ukraine
97%
$18,896Belarus
94%
$20,948Bulgaria
94%
$5,711Moldova
94%
$15,290North Macedonia
94%
$13,108Bosnia and Herzegovina
91%
$15,432Serbia
91%
$26,296Croatia
85%

Score Distribution

Percentile by Number Answered

Percent of People with Each Score

Your Score History

You have not taken this quiz